000 01213nam a2200325Ia 4500
001 ebr10124723
003 CaPaEBR
006 m u
007 cr cn|||||||||
008 040916s2004 flu s 001 0 eng d
010 _z 2004021792
020 _z1932159444 (hardcover : alk. paper)
040 _aCaPaEBR
_cCaPaEBR
035 _a(OCoLC)228139330
050 1 4 _aTS155
_b.G52 2004eb
082 0 4 _a658.5
_222
100 1 _aGilliam, Dean,
_d1953-
245 1 0 _aQuantum leap
_h[electronic resource] :
_bthe next generation /
_cby Dean Gilliam and Steve Taylor Jones.
260 _aBoca Raton, FL :
_bJ. Ross Pub.,
_c2004.
300 _axxi, 265 p.
500 _aIncludes index.
533 _aElectronic reproduction.
_bPalo Alto, Calif. :
_cebrary,
_d2009.
_nAvailable via World Wide Web.
_nAccess may be limited to ebrary affiliated libraries.
650 0 _aJust-in-time systems.
650 0 _aProduction control.
650 0 _aProduction management.
655 7 _aElectronic books.
_2local
700 1 _aTaylor-Jones, Steve.
710 2 _aebrary, Inc.
856 4 0 _uhttp://site.ebrary.com/lib/rucke/Doc?id=10124723
_zAn electronic book accessible through the World Wide Web; click to view
999 _c109043
_d109043